| Tag |
First Indicator |
Second Indicator |
Subfields |
| LEADER |
00000cam a2200000Ii 4500 |
| 001 |
in00004013419 |
| 005 |
20181024143903.0 |
| 008 |
890331s1734 ie 000 0 eng d |
| 035 |
|
|
|a (OCoLC)ocm19481612
|
| 035 |
|
|
|a (OCoLC)19481612
|
| 040 |
|
|
|a TXH
|b eng
|e rda
|c TXH
|d OCLCG
|d KRTAS
|d OCLCQ
|d OCLCA
|d PAU
|d TXA
|d UtOrBLW
|
| 049 |
|
|
|a TXAM
|
| 050 |
|
4 |
|a PR3724
|b .O5 1734b
|
| 100 |
1 |
|
|a Swift, Jonathan,
|d 1667-1745,
|e author.
|0 http://id.loc.gov/authorities/names/n78096912
|
| 245 |
1 |
0 |
|a On poetry :
|b a rapsody.
|
| 264 |
|
1 |
|a [Dublin] ;
|a London :
|b Printed ; and
|a Dublin :
|b Re-printed by & for S. Hyde, bookseller in Dame-Street,
|c 1734.
|
| 300 |
|
|
|a 26 pages ;
|c 16 cm
|
| 336 |
|
|
|a text
|b txt
|2 rdacontent
|
| 337 |
|
|
|a unmediated
|b n
|2 rdamedia
|
| 338 |
|
|
|a volume
|b nc
|2 rdacarrier
|
| 500 |
|
|
|a Anonymous. By Jonathan Swift.
|
| 500 |
|
|
|a Listed as number 743 in Teerink's bibliography of Jonathan Swift. 2nd edition c1963. P. 362.
|
| 500 |
|
|
|a The Cushing Library/Rare Books copy was acquired as part of the Lois Goddard Morrison Collection of Eighteenth Century Literature.
|5 TXA
|
| 510 |
4 |
|
|a English short title catalogue,
|c T446
|
| 510 |
4 |
|
|a Foxon, D. F. English verse, 1701-1750,
|c S890
|
| 650 |
|
0 |
|a Epic poetry, English
|v Early works to 1800.
|
| 650 |
|
0 |
|a Rhapsody.
|0 http://id.loc.gov/authorities/subjects/sh85113600
|
| 650 |
|
4 |
|a CHR 1734.
|
| 700 |
1 |
|
|a Hyde, Sarah,
|d active 1730-1746,
|e bookseller.
|0 http://id.loc.gov/authorities/names/nr93044400
|
| 752 |
|
|
|a Ireland
|d Dublin.
|
| 948 |
|
|
|a cataloged
|b h
|c 2018/8/22
|d enhance
|e fpiscitelli
|f 7:40:59 pm
|
| 994 |
|
|
|a C0
|b TXA
|
| 999 |
f |
f |
|s 364c331d-3761-3a15-bb1b-f1a93e2ddc59
|i 631bcba4-0c1e-3977-9969-9a2c2e061e41
|t 0
|
| 952 |
f |
f |
|p noncirc
|a Texas A&M University
|b College Station
|c Cushing Memorial Library & Archives
|d Cushing: Rare Books (Does not check out)
|t 0
|e PR3724 .O5 1734b
|h Library of Congress classification
|i unmediated -- volume
|
| 998 |
f |
f |
|a PR3724 .O5 1734b
|t 0
|l Cushing: Rare Books (Does not check out)
|